Statistics for Papa Louie Characters

Click here to take the quiz!

General Stats

  • This quiz has been taken 313 times
  • The average score is 37 of 82

Answer Stats

Hint Answer % Correct
Papa Louie
82%
Roy
74%
Penny
67%
Alberto
65%
Prudence
63%
Peggy
63%
Utah
60%
Cooper
59%
Tony
59%
Taylor
58%
Rita
58%
James
58%
Marty
58%
Akari
57%
Mandi
57%
Big Pauly
56%
Quinn
56%
Xolo
56%
Matt
56%
Jojo
54%
Mitch
54%
Maggie
53%
Xandra
52%
Willow
52%
Doan
50%
Timm
50%
Mindy
50%
Ninjoy
49%
Greg
48%
Scooter
48%
Olga
48%
Chuck
48%
Bruna Romano
47%
Lisa
47%
Wally
47%
Clover
46%
Kahuna
46%
Carlo Romano
46%
Allan
45%
Edna
44%
Mary
43%
Rico
43%
Kingsley
43%
Sarge Fan
43%
Robby
43%
Gino Romano
43%
Sasha
42%
Sue
41%
Vicky
41%
Hank
41%
Foodini
41%
Radlynn
41%
Zoe
40%
Captain Cori
40%
Yippy
40%
Nevada
39%
Ivy
39%
Scarlett
38%
Franco
38%
Boomer
38%
Gremmie
38%
Bertha
37%
Connor
37%
Wendy
37%
Johnny
36%
Clair
35%
Nick
35%
Tohru
35%
Pinch Hitwell
34%
Kayla
33%
Georgito
33%
Kenji
32%
Hugo
32%
Mayor Mallow
31%
Cecilia
30%
Santa
29%
Shannon
29%
Trishna
28%
Cletus
28%
Edoardo Romano
26%
Skyler
25%
Professor Fitz
25%

Score Distribution

Percentile by Number Answered

Percent of People with Each Score

Your Score History

You have not taken this quiz